| 000 | 00694nam a2200265Ia 4500 | ||
|---|---|---|---|
| 003 | OSt | ||
| 005 | 20221006143615.0 | ||
| 006 | a|||||r|||| 00| 0 | ||
| 007 | ta | ||
| 008 | 221006b |||||||| |||| 00| 0 eng d | ||
| 020 | _c135.78 | ||
| 024 | _a9,445 | ||
| 037 | _cTextual | ||
| 040 |
_aEASL _cEASL _beng |
||
| 041 |
_2eng _aeng |
||
| 082 | _aX:3M24.41.N8, M4 | ||
| 100 |
_aERJIN Chen _9434325 |
||
| 245 | 0 |
_aChina _b Crossroads socialism |
|
| 260 |
_aLondon _bVerso _c1984 |
||
| 300 |
_a263p. _ccm. |
||
| 490 | _v CEL | ||
| 700 |
_a MUNRO Robin Tr. _9650123 |
||
| 942 |
_hX:3M24.41.N8, M4 _cTEXL _2CC |
||
| 999 |
_c1077531 _d1077531 |
||